Normal view
MARC view
Entry Personal Name
001 - CONTROL NUMBER
- control field: 653809
003 - CONTROL NUMBER IDENTIFIER
- control field: OSt
005 - DATE AND TIME OF LATEST TRANSACTION
- control field: 20221006145234.0
008 - FIXED-LENGTH DATA ELEMENTS
- fixed length control field: 221006|| aca||aabn | a|a d
040 ## - CATALOGING SOURCE
- Original cataloging agency: OSt
- Transcribing agency: OSt
100 ## - HEADING--PERSONAL NAME
- Personal name: LAI Siping Ed
670 ## - SOURCE DATA FOUND
- Source citation: Work cat.: (OSt)1082295: KANG Yuhua Ed. 653808, Hanyu hui hua 301 ju, 1999
